000 00809cam a22002653a 4500
001 22456
003 PGUSA
005 20140828083458.0
008 070829s2007||||xxu|||||s|||||000 p eng d
040 _aPGUSA
_beng
042 _adc
050 4 _aPA
100 1 _aVirgil,
_d-70--19
245 1 4 _aThe Aeneid of Virgil
_h[electronic resource] /
_cVirgil
260 _bProject Gutenberg,
_c2007
500 _aSee also PG#18466 tr. by E. Fairfax Taylor
506 _aPublic domain in the USA.
516 _aElectronic text
653 _aAeneas (Legendary character) -- Poetry
653 _aEpic poetry, Latin -- Translations into English
700 1 _aMackail, J. W.
_q(John William),
_d1859-1945
830 0 _aProject Gutenberg
_v22456
856 4 0 _uhttp://www.gutenberg.org/ebooks/22456
942 _cEB
999 _c251711
_d251711